Statistics for Cuba Province Capitals

Click here to take the quiz!

General Stats

  • This quiz has been taken 13 times
  • The average score is 12 of 16

Answer Stats

HintAnswer% Correct
CienfuegosCienfuegos
100%
GuantánamoGuantánamo
100%
La HabanaLa Habana
100%
MatanzasMatanzas
100%
Santiago de CubaSantiago de Cuba
100%
ArtemisaArtemisa
75%
CamagüeyCamagüey
75%
Ciego de ÁvilaCiego de Ávila
75%
HolguínHolguín
75%
Las TunasLas Tunas
75%
Pinar del RíoPinar del Río
75%
Sancti SpíritusSancti Spíritus
75%
Villa ClaraSanta Clara
75%
Isla de la JuventudNueva Gerona
50%
GranmaBayamo
25%
MayabequeSan José de las Lajas
25%

Score Distribution

Percentile by Number Answered

Percent of People with Each Score

Your Score History

You have not taken this quiz